[Event "BL 8990 Sindelfingen-Zehlendorf"]
[Site "?"]
[Date "1990.??.??"]
[Round "?.7"]
[White "Lieb, H."]
[Black "Franke, H."]
[Result "0-1"]
[WhiteElo "2250"]
[BlackElo "2370"]
[PlyCount "50"]
[EventDate "1990.??.??"]

1. d4 e6 2. g3 f5 3. Bg2 Nf6 4. Nh3 Be7 5. O-O O-O 6. Nd2 d5 7. c4 c6 8. b3 Bd7
9. Qc2 Na6 10. a3 Rc8 11. b4 Nc7 12. Bb2 Ng4 13. Qb3 g5 14. f3 Nh6 15. Nf2 f4
16. g4 Nf7 17. c5 Bf6 18. Nd3 Nb5 19. Ne5 Nxd4 20. Bxd4 Nxe5 21. Bf2 Qe7 22.
Rae1 Ng6 23. e4 fxe3 24. Bxe3 Be5 25. Rf2 d4 0-1

[Event "BL 8990 Dortmund-Heidelberg"]
[Site "?"]
[Date "1990.??.??"]
[Round "?.1"]
[White "Ostl, A."]
[Black "Schmittdiel, E."]
[Result "0-1"]
[WhiteElo "2335"]
[BlackElo "2435"]
[PlyCount "92"]
[EventDate "1990.??.??"]

1. Nf3 Nf6 2. d4 e6 3. Bg5 c5 4. e3 h6 5. Bh4 cxd4 6. exd4 Qb6 7. Qc1 Nh5 8. c3
Nc6 9. Be2 g5 10. Bg3 d5 11. Nbd2 Nxg3 12. hxg3 Bg7 13. Nf1 f5 14. Ne3 Bd7 15.
Qd2 O-O-O 16. O-O-O Kb8 17. Kb1 Rhf8 18. Bd3 Bc8 19. Qc2 Rf7 20. Rde1 Rc7 21.
Qe2 a6 22. g4 f4 23. Nc2 e5 24. Nxe5 Nxe5 25. dxe5 Rxc3 26. Qd2 Rc7 27. Bf5 Re7
28. Bxc8 Rxc8 29. Nd4 Rxe5 30. Rxe5 Bxe5 31. Nf5 Bc3 32. Qe2 Rc6 33. Rd1 Re6
34. Qc2 Re1 35. Rxe1 Bxe1 36. f3 Bb4 37. Qe2 Ka7 38. Kc1 Qc5+ 39. Kd1 Qb6 40.
a3 Bc5 41. Qd2 Qe6 42. Qc3 Bb6 43. Qg7 d4 44. Kc2 Qe2+ 45. Kb1 d3 46. Ne7 Qc2+
0-1

[Event "BL 8990 Dortmund-Heidelberg"]
[Site "?"]
[Date "1990.??.??"]
[Round "?.2"]
[White "Mainka, R."]
[Black "Mack, P."]
[Result "0-1"]
[WhiteElo "2450"]
[BlackElo "2305"]
[PlyCount "60"]
[EventDate "1990.??.??"]

1. e4 c6 2. d4 d5 3. exd5 cxd5 4. c4 Nf6 5. Nc3 Nc6 6. Bg5 dxc4 7. d5 Ne5 8.
Qd4 Nd3+ 9. Bxd3 cxd3 10. Nf3 e6 11. O-O-O Be7 12. Rhe1 h6 13. Bh4 Qb6 14. Qxd3
Bd7 15. d6 Bd8 16. Ne5 Ng4 17. Nxg4 Bxh4 18. Nd5 Qc5+ 19. Kb1 O-O 20. Ne7+ Kh8
21. Re5 Qb4 22. Re4 Qb5 23. Qh3 Bg5 24. Re5 Qa4 25. b3 Qf4 26. g3 Qf3 27. Rde1
Qd3+ 28. Kb2 Bd2 29. Rd1 Qc3+ 30. Ka3 Bc1+ 0-1

[Event "BL 8990 Dortmund-Heidelberg"]
[Site "?"]
[Date "1990.??.??"]
[Round "?.3"]
[White "Steinbacher, M."]
[Black "Keitlinghaus, L."]
[Result "1-0"]
[WhiteElo "2325"]
[BlackElo "2405"]
[PlyCount "79"]
[EventDate "1990.??.??"]

1. d4 e6 2. e4 d5 3. Nc3 Nc6 4. Nf3 Nf6 5. Bg5 Be7 6. Bd3 dxe4 7. Nxe4 Nb4 8.
O-O Nxd3 9. Qxd3 b6 10. Rfe1 Bb7 11. Bxf6 gxf6 12. c4 Qd7 13. Rad1 O-O-O 14.
Qe3 Kb8 15. Nc3 Rhg8 16. d5 Bc5 17. Qe2 exd5 18. Nxd5 Qf5 19. Qe4 Qh3 20. g3
Rg4 21. Qe2 Rdg8 22. Kh1 f5 23. b4 Re4 24. bxc5 Rxe2 25. Rxe2 Qg4 26. Nd4 bxc5
27. f3 Qh5 28. Nc6+ Bxc6 29. Rb2+ Bb7 30. Rdb1 Qxf3+ 31. Kg1 Kc8 32. Rxb7 Kd7
33. R7b3 Qe2 34. Nf6+ Ke6 35. Nxg8 f6 36. Rf1 Qxc4 37. Re3+ Kf7 38. Nh6+ Kg6
39. Nxf5 Qxa2 40. Re7 1-0

[Event "BL 8990 Dortmund-Heidelberg"]
[Site "?"]
[Date "1990.??.??"]
[Round "?.4"]
[White "Stein, B."]
[Black "Neurohr, S."]
[Result "0-1"]
[WhiteElo "2380"]
[BlackElo "2325"]
[PlyCount "84"]
[EventDate "1990.??.??"]

1. b3 e5 2. Bb2 Nc6 3. c4 Nf6 4. e3 d5 5. cxd5 Nxd5 6. a3 Bd6 7. Qc2 O-O 8. Nf3
Qe7 9. d3 f5 10. b4 Kh8 11. Nbd2 Bd7 12. Be2 b5 13. Nb3 a5 14. bxa5 Nxa5 15.
O-O Nc6 16. Nfd2 Bxa3 17. Bxa3 Rxa3 18. Rxa3 Qxa3 19. d4 Qe7 20. Bxb5 Nxd4 21.
Nxd4 exd4 22. Bxd7 dxe3 23. Bb5 exd2 24. Qxd2 Qc5 25. Bd3 Qd4 26. Rd1 Ra8 27.
g3 Ra1 28. Rxa1 Qxa1+ 29. Kg2 Qa8 30. Kg1 Qa1+ 31. Kg2 Qe5 32. Qa2 h6 33. Qa8+
Kh7 34. Qf8 Nf4+ 35. gxf4 Qd5+ 36. f3 Qxd3 37. Qc5 Qd6 38. Qxf5+ Qg6+ 39. Qg4
h5 40. f5 Qxg4+ 41. fxg4 Kh6 42. gxh5 Kg5 0-1

[Event "BL 8990 Dortmund-Heidelberg"]
[Site "?"]
[Date "1990.??.??"]
[Round "?.5"]
[White "Grathwohl, R."]
[Black "Buecker, S."]
[Result "1/2-1/2"]
[WhiteElo "2360"]
[BlackElo "2325"]
[PlyCount "157"]
[EventDate "1990.??.??"]

1. Nf3 f5 2. c4 Nf6 3. g3 d6 4. d4 g6 5. Bg2 Bg7 6. Nc3 c6 7. O-O O-O 8. Qc2
Qc7 9. Rd1 e5 10. c5 dxc5 11. dxc5 Na6 12. Qb3+ Kh8 13. Qc4 Qe7 14. Rd6 Ne8 15.
Bg5 Nxd6 16. Qh4 Qf7 17. cxd6 e4 18. Ne1 Nc5 19. Rd1 Ne6 20. Be7 Bd7 21. Bxf8
Rxf8 22. Qe7 Be8 23. Qxf7 Bxf7 24. f3 e3 25. f4 Rd8 26. Nf3 Nc5 27. b4 Nd7 28.
Na4 Bxa2 29. Nc5 Nxc5 30. bxc5 Kg8 31. Rd3 b6 32. Ra3 Bd5 33. Rxa7 bxc5 34. d7
Kf7 35. Ra3 Rxd7 36. Ng5+ Kf8 37. Nxh7+ Kg8 38. Ng5 c4 39. Ra8+ Bf8 40. Rc8 Ra7
41. Bxd5+ cxd5 42. Ne6 Rf7 43. Kg2 Rf6 44. Nd4 Kf7 45. Kf3 Bd6 46. Nc2 Ke6 47.
Kxe3 Kd7 48. Rg8 Bc5+ 49. Kd2 d4 50. Rg7+ Kc6 51. h4 Rd6 52. Rg8 d3 53. Rc8+
Kb6 54. exd3 Rxd3+ 55. Ke2 Rxg3 56. Rg8 Rg2+ 57. Kd1 Rg4 58. Ne1 Bd6 59. Nf3
Bxf4 60. Rf8 Rg3 61. Ke2 Rg2+ 62. Kf1 c3 63. Rf6+ Kb7 64. Kxg2 c2 65. Rc6 Kxc6
66. Nd4+ Kd5 67. Nxc2 Bd2 68. Kf3 Ke5 69. Ke2 Ba5 70. Ne3 Bd8 71. h5 g5 72. Kf3
Ke6 73. h6 Bf6 74. h7 Bh8 75. Nc4 Kf6 76. Nd6 Kg6 77. Kg3 Be5+ 78. Kh3 Bf6 79.
Kg3 1/2-1/2

[Event "BL 8990 Dortmund-Heidelberg"]
[Site "?"]
[Date "1990.??.??"]
[Round "?.6"]
[White "Buecker, P."]
[Black "Pirrot, D."]
[Result "1/2-1/2"]
[WhiteElo "2360"]
[BlackElo "2355"]
[PlyCount "88"]
[EventDate "1990.??.??"]

1. e4 e5 2. f4 d5 3. exd5 c6 4. Nc3 cxd5 5. fxe5 d4 6. Ne4 Qd5 7. Bd3 Nc6 8.
Qe2 Nxe5 9. Ng5 Be7 10. Be4 Qa5 11. N5f3 d3 12. Qe3 Ng4 13. Qxd3 f5 14. Bd5
N8f6 15. Bc4 Bd7 16. Ne2 O-O-O 17. O-O Ne4 18. Ned4 Kb8 19. c3 Qc7 20. Qe2 Bd6
21. g3 Rhe8 22. Nb5 Bxb5 23. Bxb5 Nxg3 24. Qg2 Nxf1 25. Bxf1 g6 26. d4 Bf4 27.
Bxf4 Qxf4 28. Qg3 Qxg3+ 29. hxg3 Kc7 30. Bc4 Re7 31. a4 Rf8 32. Ng5 Kd6 33. Nh3
Re3 34. Kg2 h6 35. Nf4 g5 36. Nd5 Ree8 37. Kf3 Nf6 38. Ne3 Nd7 39. Bd3 f4 40.
Nc4+ Kc7 41. g4 Rf6 42. Bf5 Nb6 43. Ne5 Nd5 44. Rh1 Ne3 1/2-1/2

[Event "BL 8990 Dortmund-Heidelberg"]
[Site "?"]
[Date "1990.??.??"]
[Round "?.7"]
[White "Zuse, P."]
[Black "Konikowski, J."]
[Result "0-1"]
[WhiteElo "2305"]
[BlackElo "2380"]
[PlyCount "86"]
[EventDate "1990.??.??"]

1. e4 c5 2. Nf3 e6 3. d4 cxd4 4. Nxd4 a6 5. Bd3 Nf6 6. O-O d6 7. f4 Be7 8. Kh1
Qc7 9. e5 dxe5 10. fxe5 Qxe5 11. Bf4 Qh5 12. Qe1 Nc6 13. Nxc6 bxc6 14. Nd2 O-O
15. Nc4 Nd5 16. Be2 Qg6 17. Bd3 f5 18. Ne5 Qe8 19. Bd2 c5 20. c4 Nf6 21. Bf4
Bb7 22. Nf3 Ne4 23. Nd2 Qc6 24. Nxe4 fxe4 25. Be2 Bf6 26. Rb1 Bd4 27. b4 e5 28.
Bg3 Rxf1+ 29. Qxf1 Rf8 30. Qd1 cxb4 31. Rxb4 Ba8 32. h3 Qg6 33. Kh2 h6 34. Bh5
Qg5 35. h4 Qe7 36. Qb1 Bc6 37. Rb8 Kh7 38. Bg4 Bf2 39. Bh3 Bxg3+ 40. Kxg3 Rf4
41. Qb6 Qxh4+ 42. Kh2 Rf6 43. g3 Qg5 0-1

[Event "BL 8990 Dortmund-Heidelberg"]
[Site "?"]
[Date "1990.??.??"]
[Round "?.8"]
[White "Mainka, G."]
[Black "Weber, M."]
[Result "0-1"]
[WhiteElo "2345"]
[BlackElo "2305"]
[PlyCount "77"]
[EventDate "1990.??.??"]

1. c4 e5 2. Nc3 Nc6 3. Nf3 g6 4. d4 exd4 5. Nxd4 Bg7 6. Nxc6 bxc6 7. g3 Ne7 8.
Bg2 O-O 9. O-O a5 10. Qa4 Ba6 11. Rd1 Qe8 12. Bf4 d5 13. cxd5 cxd5 14. Qa3 Bc4
15. e3 Qd7 16. Qc5 Qe6 17. Qxc7 a4 18. Rac1 Rfc8 19. Qb7 Ba6 20. Qb4 a3 21. b3
Bf8 22. Qd4 Bg7 23. Qd2 Bb7 24. Nb5 Bb2 25. Rc7 Bc6 26. Nd4 Qf6 27. Nxc6 Rxc7
28. Bxc7 Qxc6 29. Bf4 Rc8 30. Bxd5 Nxd5 31. Qxd5 Qxd5 32. Rxd5 Rc1+ 33. Kg2 Kg7
34. Rd2 Ra1 35. b4 Bc3 36. Rc2 Bb2 37. b5 Rb1 38. b6 Bf6 39. Bc7 {ZÜ} 0-1

[Event "BL 8990 Solingen-Hofheim"]
[Site "?"]
[Date "1990.??.??"]
[Round "?.2"]
[White "Nunn, J."]
[Black "Buchal, S."]
[Result "1-0"]
[WhiteElo "2575"]
[BlackElo "2335"]
[PlyCount "59"]
[EventDate "1990.??.??"]

1. e4 g6 2. d4 Bg7 3. Nc3 d6 4. Be3 a6 5. f3 b5 6. g4 h5 7. gxh5 Rxh5 8. Nge2
Nc6 9. Qd2 b4 10. Nd5 a5 11. O-O-O Bb7 12. Nef4 Rh8 13. Bb5 e6 14. Qg2 Kf8 15.
Nxe6+ fxe6 16. Nf4 Qf6 17. e5 Qf7 18. Nxg6+ Ke8 19. f4 d5 20. Nxh8 Bxh8 21. Qh3
Bg7 22. f5 exf5 23. Rhg1 Nge7 24. e6 Qf8 25. Qh7 Bf6 26. Bh6 Qh8 27. Qf7+ Kd8
28. Bf8 Kc8 29. Bxc6 Nxc6 30. Rg8 1-0

[Event "BL 8990 Solingen-Hofheim"]
[Site "?"]
[Date "1990.??.??"]
[Round "?.3"]
[White "Schmitzer, K."]
[Black "Lobron, E."]
[Result "1-0"]
[WhiteElo "2305"]
[BlackElo "2585"]
[PlyCount "87"]
[EventDate "1990.??.??"]

1. d4 Nf6 2. c4 e6 3. Nc3 d5 4. Bg5 Be7 5. e3 h6 6. Bh4 O-O 7. Nf3 Nbd7 8. Qc2
c5 9. Rg1 cxd4 10. Nxd4 Ne4 11. Bxe7 Qxe7 12. Nxe4 dxe4 13. O-O-O Nc5 14. Nb3
Nxb3+ 15. axb3 f5 16. Qd2 a5 17. Qd6 Qf6 18. c5 a4 19. Bc4 axb3 20. Kb1 Kh7 21.
Rd2 Bd7 22. Rgd1 Ba4 23. Qxe6 Qxe6 24. Bxe6 Ra5 25. Rd5 Kg6 26. R1d4 Bb5 27.
Rb4 Bd3+ 28. Kc1 f4 29. Kd2 Ra1 30. Rxb3 Bc4 31. Rb6 fxe3+ 32. Kxe3 Re1+ 33.
Kd4 Bxd5 34. Bxd5+ Kg5 35. Rxb7 Rd1+ 36. Kc4 Rc1+ 37. Kb4 Rxf2 38. Rxg7+ Kh4
39. b3 e3 40. Be6 Rf4+ 41. Kb5 e2 42. g3+ Kh5 43. h3 Rb4+ 44. Kc6 1-0

[Event "BL 8990 Solingen-Hofheim"]
[Site "?"]
[Date "1990.??.??"]
[Round "?.5"]
[White "Huisl, W."]
[Black "Schneider, B1."]
[Result "0-1"]
[WhiteElo "2335"]
[BlackElo "2475"]
[PlyCount "108"]
[EventDate "1990.??.??"]

1. e4 g6 2. d4 Bg7 3. Nc3 c6 4. Nf3 d5 5. h3 Nh6 6. Bf4 f6 7. exd5 cxd5 8. Nb5
O-O 9. Nc7 e5 10. Bxh6 Bxh6 11. Nxa8 e4 12. Nh2 f5 13. Be2 Nc6 14. c3 Be6 15.
O-O Qxa8 16. a4 Qb8 17. Re1 Ne7 18. a5 Qc7 19. Ra3 Bf4 20. Nf1 h5 21. b4 Bg5
22. Qb3 Bh4 23. Rc1 Bxf2+ 24. Kh1 f4 25. c4 f3 26. gxf3 exf3 27. Bxf3 dxc4 28.
Qc2 Bxd4 29. Qe4 Qd6 30. Rd1 Nf5 31. Rxd4 Qxd4 32. Qxe6+ Kg7 33. Bg2 c3 34. Ra2
Qxb4 35. Qe5+ Kh6 36. Rf2 b5 37. axb6 axb6 38. Be4 Nh4 39. Rxf8 Qxf8 40. Bg2 c2
41. Qe3+ Kh7 42. Ng3 Qd6 43. Ne4 Nf5 44. Ng5+ Kh6 45. Nf7+ Kg7 46. Qc3+ Kxf7
47. Qxc2 Ng3+ 48. Kg1 Qc5+ 49. Qxc5 bxc5 50. Kf2 Nf5 51. Bf1 Ke6 52. Kf3 Ke5
53. Ba6 g5 54. Bb5 Nd4+ 0-1

[Event "BL 8990 Solingen-Hofheim"]
[Site "?"]
[Date "1990.??.??"]
[Round "?.6"]
[White "Reeh, O."]
[Black "Kopp, B."]
[Result "1/2-1/2"]
[WhiteElo "2430"]
[BlackElo "2265"]
[PlyCount "114"]
[EventDate "1990.??.??"]

1. d4 Nf6 2. c4 e6 3. Nf3 c5 4. d5 exd5 5. cxd5 d6 6. Nc3 g6 7. Nd2 Nbd7 8. e4
Bg7 9. Nc4 Nb6 10. Ne3 O-O 11. Bd3 Ne8 12. O-O f5 13. exf5 gxf5 14. f4 Qf6 15.
Kh1 Bd7 16. a4 Nc7 17. a5 Nc8 18. Bd2 b5 19. axb6 Nxb6 20. Qb1 Qd4 21. Rd1 Kh8
22. Bxf5 Qxf4 23. Bxd7 Nxd7 24. Ra4 Qf7 25. Rh4 Bf6 26. Rf4 Qg6 27. Qxg6 hxg6
28. Nc4 Be5 29. Rxf8+ Rxf8 30. Nxe5 Nxe5 31. Ne4 Nb5 32. g3 Nd3 33. Kg1 c4 34.
Bc3+ Nxc3 35. bxc3 Rf5 36. Nxd6 Rxd5 37. Nxc4 Rc5 38. Rxd3 Rxc4 39. Kf2 Kg7 40.
Ke3 Kf6 41. Kd2 Ra4 42. Rd6+ Kf5 43. h4 a5 44. Kc2 Rg4 45. Rd5+ Ke6 46. Rxa5
Rxg3 47. Kb3 Rg4 48. Ra4 Rg3 49. Re4+ Kd7 50. Rd4+ Kc7 51. Rc4+ Kb7 52. Rf4 g5
53. Rf7+ Kc6 54. Rf6+ Kc7 55. h5 Rh3 56. h6 g4 57. Rf7+ Kc6 1/2-1/2

[Event "BL 8990 Solingen-Hofheim"]
[Site "?"]
[Date "1990.??.??"]
[Round "?.7"]
[White "Schroeder, C."]
[Black "Podzielny, K."]
[Result "0-1"]
[WhiteElo "2255"]
[BlackElo "2430"]
[PlyCount "81"]
[EventDate "1990.??.??"]

1. e4 c5 2. Nc3 Nc6 3. Nge2 e5 4. g3 g6 5. Bg2 Bg7 6. O-O Nge7 7. f4 d6 8. d3
O-O 9. Nd5 Nxd5 10. exd5 Ne7 11. c4 Nf5 12. Rb1 Re8 13. fxe5 Bxe5 14. a3 a5 15.
Bd2 a4 16. Be4 Bd7 17. Qc1 b5 18. Qc2 h5 19. Rbe1 bxc4 20. dxc4 Rb8 21. Bc1 Qf6
22. Nc3 Rb3 23. Nd1 Bxg3 24. hxg3 Rxg3+ 25. Bg2 Rxe1 26. Rxe1 Nh4 27. Rf1 Bf5
28. Ne3 Qd4 29. Qf2 Nf3+ 30. Qxf3 Rxf3 31. Bxf3 Bd3 32. Rd1 Qf4 33. Rxd3 Qxf3
34. Rd1 f5 35. Rf1 Qe4 36. Ng2 Qxc4 37. Nf4 g5 38. Ng2 f4 39. Rd1 h4 40. Rf1 h3
41. Ne1 0-1

[Event "BL 8990 Heidelberg-Solingen"]
[Site "?"]
[Date "1990.??.??"]
[Round "?.4"]
[White "Neurohr, S."]
[Black "Lau, R."]
[Result "1/2-1/2"]
[WhiteElo "2325"]
[BlackElo "2470"]
[PlyCount "40"]
[EventDate "1990.??.??"]

1. d4 d6 2. c4 e5 3. Nf3 e4 4. Ng5 f5 5. Nc3 Be7 6. Nh3 c6 7. g3 Na6 8. Bg2 Nf6
9. O-O O-O 10. d5 Nc7 11. f3 cxd5 12. cxd5 exf3 13. Bxf3 Nd7 14. Be3 Ne5 15.
Bd4 Bf6 16. Nf4 Qe8 17. Rc1 g5 18. Ne6 Nxf3+ 19. exf3 Nxe6 20. dxe6 Bxe6
1/2-1/2

[Event "BL 8990 Heidelberg-Solingen"]
[Site "?"]
[Date "1990.??.??"]
[Round "?.5"]
[White "Schneider, B1."]
[Black "Grathwohl, R."]
[Result "1/2-1/2"]
[WhiteElo "2475"]
[BlackElo "2360"]
[PlyCount "42"]
[EventDate "1990.??.??"]

1. c4 e6 2. Nc3 Nf6 3. e4 d5 4. cxd5 exd5 5. e5 Ne4 6. Nxe4 dxe4 7. Qa4+ Nc6 8.
Qxe4 Qd4 9. Qxd4 Nxd4 10. Bd3 Bc5 11. b3 Bg4 12. h3 Bh5 13. Bb2 O-O-O 14. Rc1
Ne6 15. Be2 Bg6 16. Nf3 Be4 17. h4 Bxf3 18. Bxf3 Bxf2+ 19. Kd1 Bd4 20. Bxd4
Rxd4 21. Rc4 Rhd8 1/2-1/2

[Event "BL 8990 Heidelberg-Solingen"]
[Site "?"]
[Date "1990.??.??"]
[Round "?.6"]
[White "Pirrot, D."]
[Black "Reeh, O."]
[Result "1/2-1/2"]
[WhiteElo "2355"]
[BlackElo "2430"]
[PlyCount "40"]
[EventDate "1990.??.??"]

1. e4 d6 2. d4 g6 3. Nc3 Bg7 4. h3 Nf6 5. Nf3 O-O 6. Be3 a6 7. a4 d5 8. e5 Ne4
9. Nxe4 dxe4 10. Ng5 c5 11. dxc5 Qxd1+ 12. Rxd1 Bxe5 13. Bc4 Bd7 14. Bd5 Bc6
15. c3 Bxa4 16. Bxb7 Ra7 17. c6 Rxb7 18. cxb7 Bxd1 19. Kxd1 Nc6 20. Nxe4 Rb8
1/2-1/2

[Event "BL 8990 Heidelberg-Solingen"]
[Site "?"]
[Date "1990.??.??"]
[Round "?.7"]
[White "Podzielny, K."]
[Black "Zuse, P."]
[Result "1-0"]
[WhiteElo "2430"]
[BlackElo "2305"]
[PlyCount "63"]
[EventDate "1990.??.??"]

1. d4 Nf6 2. Nf3 g6 3. c4 Bg7 4. Nc3 d5 5. Bg5 dxc4 6. e4 c5 7. d5 b5 8. e5
Nfd7 9. d6 Qa5 10. dxe7 Bb7 11. Be2 h6 12. Bh4 g5 13. Bg3 Nc6 14. O-O Nxe7 15.
a4 b4 16. e6 fxe6 17. Nb5 Bd5 18. Nd6+ Kf8 19. Nd2 Bd4 20. Bxc4 e5 21. Bxd5
Nxd5 22. Qh5 Rh7 23. Qg6 N5f6 24. N2c4 Qd8 25. Rae1 Qe7 26. Kh1 Nd5 27. Nf5 Qf7
28. Qd6+ Kg8 29. Nxh6+ Rxh6 30. Qxh6 Qf6 31. Qxf6 N5xf6 32. b3 1-0

[Event "BL 8990 Heidelberg-Solingen"]
[Site "?"]
[Date "1990.??.??"]
[Round "?.8"]
[White "Weber, M."]
[Black "Dueball, J."]
[Result "1/2-1/2"]
[WhiteElo "2305"]
[BlackElo "2435"]
[PlyCount "55"]
[EventDate "1990.??.??"]

1. Nf3 Nf6 2. g3 g6 3. Bg2 Bg7 4. O-O O-O 5. d3 d5 6. Nbd2 Nc6 7. e4 dxe4 8.
dxe4 h6 9. Qe2 Be6 10. Re1 Qc8 11. c3 Rd8 12. Nb3 Bg4 13. Qf1 a5 14. Nbd4 Nxd4
15. Nxd4 e5 16. Nf3 Ne8 17. Be3 Nd6 18. Nd2 a4 19. c4 Qd7 20. Rac1 Kh7 21. Kh1
Nc8 22. Nb1 Ne7 23. Nc3 Nc6 24. Nd5 Re8 25. h3 Be6 26. Rcd1 Nd4 27. Bxd4 exd4
28. f4 1/2-1/2

[Event "BL 8990 Hofheim-Dortmund"]
[Site "?"]
[Date "1990.??.??"]
[Round "?.1"]
[White "Schmittdiel, E."]
[Black "Zude, A."]
[Result "1/2-1/2"]
[WhiteElo "2435"]
[BlackElo "2325"]
[PlyCount "81"]
[EventDate "1990.??.??"]

1. Nf3 Nf6 2. g3 d5 3. Bg2 Bg4 4. d4 e6 5. O-O Nbd7 6. b3 Bd6 7. Bb2 Bxf3 8.
Bxf3 h5 9. c4 c6 10. cxd5 exd5 11. Nc3 Qe7 12. Qc2 h4 13. e4 dxe4 14. Nxe4 Nxe4
15. Bxe4 Kf8 16. Rae1 Re8 17. Qc1 Bb4 18. Bc3 Bxc3 19. Qxc3 Qd6 20. Bg2 Rxe1
21. Rxe1 hxg3 22. hxg3 Rh5 23. d5 c5 24. b4 b6 25. Qa3 Qc7 26. bxc5 Nxc5 27. d6
Qxd6 28. Qf3 g6 29. Qa8+ Kg7 30. Qxa7 Nd7 31. Bf3 Ra5 32. Qb7 Rxa2 33. Qd5 Qxd5
34. Bxd5 Rd2 35. Bc6 Nc5 36. Re7 Kf6 37. Rc7 Ke6 38. Be8 Nd7 39. Rc6+ Ke7 40.
Bxd7 Kxd7 41. Rxb6 1/2-1/2

[Event "BL 8990 Hofheim-Dortmund"]
[Site "?"]
[Date "1990.??.??"]
[Round "?.2"]
[White "Buchal, S."]
[Black "Mainka, R."]
[Result "1/2-1/2"]
[WhiteElo "2335"]
[BlackElo "2450"]
[PlyCount "64"]
[EventDate "1990.??.??"]

1. g3 e5 2. Bg2 Nf6 3. e4 Nc6 4. Nc3 Bc5 5. Nge2 a6 6. O-O d6 7. d3 Be6 8. Nd5
Bxd5 9. exd5 Ne7 10. d4 exd4 11. Nxd4 O-O 12. c4 Ng6 13. b3 Re8 14. Bb2 Qd7 15.
Qc2 b5 16. cxb5 axb5 17. Nf5 Ne5 18. Bh3 Qd8 19. Kh1 Ba3 20. Rad1 Bxb2 21. Qxb2
g6 22. Nd4 Nxd5 23. Nxb5 c6 24. Bg2 cxb5 25. Rxd5 Qb6 26. Rxe5 dxe5 27. Bxa8
Rxa8 28. Qxe5 Qc6+ 29. Kg1 Rxa2 30. Qb8+ Kg7 31. Qe5+ Kg8 32. Qb8+ Kg7 1/2-1/2

[Event "BL 8990 Hofheim-Dortmund"]
[Site "?"]
[Date "1990.??.??"]
[Round "?.3"]
[White "Keitlinghaus, L."]
[Black "Schmitzer, K."]
[Result "1/2-1/2"]
[WhiteElo "2405"]
[BlackElo "2305"]
[PlyCount "87"]
[EventDate "1990.??.??"]

1. a3 g6 2. g3 Bg7 3. Bg2 Nc6 4. c4 e6 5. Nf3 Nge7 6. d3 d5 7. Nbd2 O-O 8. Rb1
b6 9. O-O a5 10. b3 Bb7 11. Qc2 Nf5 12. e3 Qe7 13. d4 Nb8 14. b4 axb4 15. axb4
dxc4 16. Nxc4 Nd7 17. Rd1 Rfc8 18. e4 Nd6 19. Re1 Nxc4 20. Qxc4 c5 21. bxc5 Ba6
22. Qc2 bxc5 23. Ba3 Bf8 24. d5 Bg7 25. Rbd1 Bb5 26. Rb1 Rxa3 27. Rxb5 Ne5 28.
Nxe5 Bxe5 29. dxe6 fxe6 30. Bh3 Bd4 31. Qc4 Rf8 32. Re2 Raf3 33. Qxe6+ Qxe6 34.
Bxe6+ Kh8 35. Kg2 Rxf2+ 36. Rxf2 Rxf2+ 37. Kh3 Re2 38. Bd5 h5 39. Ra5 Kg7 40.
Ra2 Rxa2 41. Bxa2 Kf6 42. Kg2 g5 43. Bc4 Ke5 44. Be2 1/2-1/2

[Event "BL 8990 Hofheim-Dortmund"]
[Site "?"]
[Date "1990.??.??"]
[Round "?.5"]
[White "Buecker, S."]
[Black "Huisl, W."]
[Result "1/2-1/2"]
[WhiteElo "2325"]
[BlackElo "2335"]
[PlyCount "120"]
[EventDate "1990.??.??"]

1. f4 g6 2. Nf3 Bg7 3. g3 d6 4. d4 c5 5. d5 Nf6 6. Bg2 e6 7. dxe6 Bxe6 8. Ng5
Bc8 9. Nc3 O-O 10. O-O Nc6 11. e4 h6 12. Nf3 Re8 13. Re1 Be6 14. h3 Qb6 15. Kh2
Rad8 16. Nd5 Bxd5 17. exd5 Nd4 18. c3 Nxf3+ 19. Bxf3 Rxe1 20. Qxe1 Re8 21. Qh1
c4 22. Rb1 Qf2+ 23. Qg2 Qe1 24. Qg1 Qxg1+ 25. Kxg1 Ne4 26. Bxe4 Rxe4 27. Kf2 f5
28. Be3 a6 29. a4 Kf7 30. a5 Bf6 31. Ra1 h5 32. Ra4 Bd8 33. Rb4 Bxa5 34. Rxb7+
Re7 35. Rxe7+ Kxe7 36. g4 hxg4 37. hxg4 fxg4 38. Kg3 Bd8 39. Kxg4 Kd7 40. Bd4
Be7 41. Bg7 Bd8 42. Kf3 Ke8 43. Ke3 Kf7 44. Bd4 g5 45. Ba7 gxf4+ 46. Kxf4 Bf6
47. Bb6 Bg7 48. Ke4 Ke7 49. Be3 Kd7 50. Bb6 Ke7 51. Ke3 Kd7 52. Kd2 Kc8 53. Kc2
Bf6 54. Kb1 Kb7 55. Be3 a5 56. Ka2 Ka6 57. Kb1 Kb5 58. Kc2 a4 59. Bf2 Be5 60.
Be3 Bf6 1/2-1/2

[Event "BL 8990 Hofheim-Dortmund"]
[Site "?"]
[Date "1990.??.??"]
[Round "?.6"]
[White "Kopp, B."]
[Black "Buecker, P."]
[Result "0-1"]
[WhiteElo "2265"]
[BlackElo "2360"]
[PlyCount "102"]
[EventDate "1990.??.??"]

1. e4 c6 2. d4 d5 3. Nd2 dxe4 4. Nxe4 Nd7 5. Bc4 Ngf6 6. Ng5 e6 7. Qe2 Nb6 8.
Bd3 h6 9. N5f3 c5 10. Bf4 cxd4 11. O-O-O Nbd5 12. Be5 Qa5 13. Kb1 Bd7 14. Nxd4
Be7 15. g4 Rc8 16. h4 Nb4 17. a3 Nc6 18. Ngf3 Nxg4 19. Bxg7 Rg8 20. Nb3 Qb6 21.
Bd4 Nxd4 22. Nfxd4 Bf6 23. Rhg1 h5 24. f3 Nh6 25. Qe3 Rh8 26. c4 Qd6 27. c5 Qh2
28. Rd2 Qe5 29. Qf2 a6 30. Be4 Rc7 31. Re1 Qf4 32. c6 bxc6 33. Nc5 Bxh4 34. Qe2
Bxe1 35. Qxe1 Bc8 36. Bxc6+ Kf8 37. Ne4 Rg8 38. Rc2 Nf5 39. Qa5 Nxd4 40. Qc5+
Kg7 41. Qxd4+ Kh6 42. Rc5 Rxc6 43. Rxc6 Bb7 44. Rc2 h4 45. Qc3 h3 46. Nf6 Rc8
47. Ng4+ Qxg4 48. Qxc8 Bxc8 49. fxg4 Bb7 50. Rc5 Bd5 51. Rc8 Be4+ 0-1

[Event "BL 8990 Regensburg-München 36"]
[Site "?"]
[Date "1990.??.??"]
[Round "?.2"]
[White "Gross, S."]
[Black "Ftacnik, L."]
[Result "1/2-1/2"]
[WhiteElo "2435"]
[BlackElo "2550"]
[PlyCount "31"]
[EventDate "1990.??.??"]

1. Nf3 Nf6 2. c4 g6 3. Nc3 d5 4. cxd5 Nxd5 5. g3 Bg7 6. Bg2 O-O 7. O-O Nc6 8.
Qb3 Nb6 9. d3 Bg4 10. Be3 e5 11. Ne4 Be6 12. Qc2 Bd5 13. Nc3 Bxf3 14. Bxf3 Nd4
15. Bxd4 exd4 16. Ne4 1/2-1/2

[Event "BL 8990 Regensburg-München 36"]
[Site "?"]
[Date "1990.??.??"]
[Round "?.3"]
[White "Bastian, H."]
[Black "Speckner, R."]
[Result "1-0"]
[WhiteElo "2340"]
[BlackElo "2235"]
[PlyCount "87"]
[EventDate "1990.??.??"]

1. e4 c5 2. Nc3 e6 3. g3 d5 4. Bg2 d4 5. Nce2 d3 6. cxd3 Qxd3 7. Nf4 Qd7 8. Nf3
Nc6 9. O-O b6 10. a3 g6 11. b4 Bg7 12. Rb1 Nge7 13. Bb2 Nd4 14. bxc5 bxc5 15.
Nd3 Nxf3+ 16. Qxf3 Bxb2 17. Rxb2 Qd4 18. Rfb1 O-O 19. Qe3 e5 20. Qxd4 cxd4 21.
Nxe5 Ba6 22. Nd7 Rfd8 23. Nc5 Bc4 24. Rc1 Be2 25. d3 Bg4 26. h3 Bc8 27. e5 Nd5
28. Rc4 Bf5 29. g4 Be6 30. Nxe6 fxe6 31. Rxd4 Nb6 32. Rdb4 Rac8 33. Be4 g5 34.
a4 Rc5 35. Ra2 Rxe5 36. a5 Nd5 37. Rb7 Nc3 38. Bxh7+ Kh8 39. Ra1 Ne2+ 40. Kf1
Nf4 41. Rxa7 Rb8 42. Be4 Rb2 43. Rb7 Rd2 44. Rab1 1-0

[Event "BL 8990 Regensburg-München 36"]
[Site "?"]
[Date "1990.??.??"]
[Round "?.4"]
[White "Mandl, Ro"]
[Black "Pichler, J."]
[Result "1-0"]
[WhiteElo "2285"]
[BlackElo "2325"]
[PlyCount "111"]
[EventDate "1990.??.??"]

1. c4 g6 2. Nf3 Bg7 3. d4 Nf6 4. g3 O-O 5. Bg2 d6 6. Nc3 Nc6 7. O-O a6 8. h3
Rb8 9. Be3 b5 10. Nd2 Bd7 11. cxb5 axb5 12. Rc1 e5 13. dxe5 Nxe5 14. Bg5 c6 15.
Nce4 d5 16. Nc5 Ra8 17. b3 Bc8 18. a4 bxa4 19. bxa4 h6 20. Be3 Re8 21. Bd4 Nfd7
22. Ndb3 Nxc5 23. Nxc5 Nd7 24. e3 Nxc5 25. Rxc5 Bd7 26. Bxg7 Kxg7 27. Bxd5 cxd5
28. Rxd5 Ra7 29. Qd4+ Qf6 30. Rxd7 Rxd7 31. Qxd7 Ra8 32. Rd1 Kh7 33. Rd4 Kg7
34. Kg2 Qe5 35. Rf4 Rf8 36. Qd4 Qxd4 37. Rxd4 Ra8 38. Kf3 Kf6 39. e4 Ke6 40.
Ke3 h5 41. f4 f6 42. Kd3 Ra7 43. Kc3 g5 44. f5+ Ke7 45. g4 h4 46. Kb3 Rb7+ 47.
Ka3 Ra7 48. Rd3 Ra8 49. Kb4 Rb8+ 50. Kc5 Rc8+ 51. Kb6 Rb8+ 52. Kc6 Rc8+ 53. Kb7
Rc1 54. a5 Rb1+ 55. Kc6 Rc1+ 56. Kb5 1-0